000 00726nam a2200229 a 4500
008 951214s1987||||[C 0 slo c
020 _c22 Kčs.
_q(12206 výtl.)
040 _aSNK
_bslo
_cSNK
_eAACR2
041 1 _aslo
_hslo
044 _axo
_cSK
080 _a794.1(075.4)
100 1 _aŠefc, Ján
_4aut
245 1 0 _aModerná učebnica šachu
_cJán Šefc ; Ján Súkup, Milan Chvíla
250 _a1., vyd.
260 _aBratislava
_bŠport
_c1987
_eBratislava
_fPolygrafické závody
300 _a181 s., 13,27 AH
_c21 cm
490 0 _aTréner
500 _aLit. 7. Prehľad odb. termínov. Opr. 7 zázn. v slov., češ., nem. a maď.
700 1 _aSúkup, Ján
_4bkd
700 1 _aChvíla, Milan
_4bkd
958 _aA
999 _c18609
_d18609